| 000 | 00457nab a2200145Ia 4500 | ||
|---|---|---|---|
| 003 | ES-SlBCS | ||
| 005 | 20210716154716.0 | ||
| 008 | 140529s1979 xxu||||| |||| 00| 0 ita d | ||
| 041 | _aita | ||
| 100 | 1 |
_aPiaia, Gregório _912517 |
|
| 245 | 0 | 0 |
_aIntorno alle origini della moderna storiografia filosofica _c Gregorio Piaia |
| 650 | 0 | 4 |
_aHistoriografía Filosófica _9183101 |
| 773 | 0 |
_tVerifiche _gvol. 8, nº. 2-3, 1979, págs. 211-232 _wRev939 |
|
| 942 | _cAR | ||
| 999 |
_c595002 _d595002 |
||